000
00317nam a22001457a 4500
008
210531b ||||| |||| 00| 0 eng d
020
_a
0879512814
041
_a
eng
080
_a
32
082
_a
32
100
_a
19
101
_a
SHP
245
_a
At Home with the Presidents
_c
Bonnie Blodgett
942
_2
udc
_c
BK
999
_c
57847
_d
57847